UBT Library

Feminism/postmodernism / (Record no. 43945)

000 -LEADER
fixed length control field 00647cam a2200229 a 4500
001 - CONTROL NUMBER
control field 4816361
005 - DATE AND TIME OF LATEST TRANSACTION
control field 20180302035201.0
008 - FIXED-LENGTH DATA ELEMENTS--GENERAL INFORMATION
fixed length control field 890413s1990 nyu b 001 0 eng
010 ## - LIBRARY OF CONGRESS CONTROL NUMBER
LC control number 89006432
020 ## - INTERNATIONAL STANDARD BOOK NUMBER
International Standard Book Number 0415900581 :
Terms of availability $30.00
020 ## - INTERNATIONAL STANDARD BOOK NUMBER
International Standard Book Number 041590059X (pbk.) :
Terms of availability $13.95
040 ## - CATALOGING SOURCE
Original cataloging agency DLC
Transcribing agency DLC
Modifying agency DLC
041 ## - LANGUAGE CODE
Language code of text/sound track or separate title eng
080 ## - UNIVERSAL DECIMAL CLASSIFICATION NUMBER
Universal Decimal Classification number 305.4201 NIC
082 00 - DEWEY DECIMAL CLASSIFICATION NUMBER
Classification number 305.4201 NIC
Edition number 20
100 ## - Rafti
Rafti 50
101 ## - Shkurtesa
Shkurtesa SOC
245 00 - TITLE STATEMENT
Title Feminism/postmodernism /
Statement of responsibility, etc edited and with an introduction by Linda J. Nicholson.
504 ## - BIBLIOGRAPHY, ETC. NOTE
Bibliography, etc Includes bibliographies and index.
906 ## - LOCAL DATA ELEMENT F, LDF (RLIN)
a 7
b cbc
c orignew
d 1
e ocip
f 19
g y-gencatlg
942 ## - ADDED ENTRY ELEMENTS (KOHA)
Source of classification or shelving scheme
Item type Books
Holdings
Withdrawn status Lost status Source of classification or shelving scheme Damaged status Not for loan Collection code Permanent location Current location Shelving location Date acquired Total Checkouts Full call number Barcode Date last seen Price effective from Koha item type
          Koleksioni i përgjithshem UBT - Lipjan UBT - Lipjan Koleksioni i përgjithshem 03/02/2018   305.4201 NIC 002-3000471 03/02/2018 03/02/2018 Books
UBT Library © 2015-2024. All rights reserved University Education for Business and Technology